Catálogo público

Estudio Integral de la Unidad de Producción Agroindustrial “Visons S.A.C.” / (Record no. 219941)

MARC details
000 -CABECERA
campo de control de longitud fija 02589nam a2200445 a 4500
003 - IDENTIFICADOR DEL NÚMERO DE CONTROL
campo de control Mxchpua
005 - FECHA Y HORA DE LA ÚLTIMA TRANSACCIÓN
campo de control 20240528095023.0
007 - CAMPO FIJO DE DESCRIPCIÓN FÍSICA--INFORMACIÓN GENERAL
campo de control de longitud fija ta
008 - DATOS DE LONGITUD FIJA--INFORMACIÓN GENERAL
campo de control de longitud fija 240527s2022 mx bde|fs|||| 001 0 spa d
040 ## - FUENTE DE LA CATALOGACIÓN
Centro catalogador/agencia de origen mxchpua
090 ## - LOCALMENTE ASIGNADO TIPO-LC NÚMERO DE CLASIFICACIÓN (OCLC); NÚMERO DE CLASIFICACIÓN LOCAL (RLIN)
Número de clasificación (OCLC) (R) ; Numero de clasificación, CALL (RLIN) (NR) T.C.902
Número cutter local (OCLC) ; Número de libro/Signatura topográfica íntegra, CALL (RLIN) F56 EIUPA
Año 2022
245 10 - MENCIÓN DE TÍTULO
Título Estudio Integral de la Unidad de Producción Agroindustrial “Visons S.A.C.” /
Mención de responsabilidad, etc. coordinador Emmanuel Flores Girón ; colaboradores Evelyn Badillo Solís...[y otros]
260 ## - PUBLICACIÓN, DISTRIBUCIÓN, ETC.
Lugar de publicación, distribución, etc. México :
Nombre del editor, distribuidor, etc. El autor,
Fecha de publicación, distribución, etc. 2022
300 ## - DESCRIPCIÓN FÍSICA
Extensión 1 recurso en línea (141 páginas) :
Otras características físicas mapas, gráficas, diagramas, tablas, planos
336 ## - TIPO DE CONTENIDO
Fuente rdacontent
Término de tipo de contenido texto
Código de tipo de contenido txt
337 ## - TIPO DE MEDIO
Fuente rdamedia
Nombre/término del tipo de medio computadora
Código del tipo de medio c
338 ## - TIPO DE SOPORTE
Fuente rdacarrier
Nombre/término del tipo de soporte recurso en línea
Código del tipo de soporte cr
500 ## - NOTA GENERAL
Nota general Grado 7° Grupo 3 <br/>
502 ## - NOTA DE TESIS
Nota de tesis Viaje de Estudios
Tipo de título (EIUPA) --
Nombre de la institución que otorga el título UACh. Departamento de Ingeniería Agroindustrial,
Año de obtención del título 2022
504 ## - NOTA DE BIBLIOGRAFÍA, ETC.
Nota de bibliografía, etc. Bibliografía: páginas 74-77
505 0# - NOTA DE CONTENIDO CON FORMATO
Nota de contenido con formato 5 planos: --<br/>1. Diagrama de flujo --<br/>2. Diagrama de recorrido --<br/>3. Plano de distribución de áreas (Esc. 1:1000)--<br/>4. Plano de distribución de áreas empaque de arándano (Esc. 1:100) --<br/>5. Plano de distribución de equipos (Esc. 1:100)
650 13 - PUNTO DE ACCESO ADICIONAL DE MATERIA--TÉRMINO DE MATERIA
9 (RLIN) 148659
Término de materia o nombre geográfico como elemento de entrada Industria de los alimentos
Subdivisión geográfica Perú
-- Lima
650 13 - PUNTO DE ACCESO ADICIONAL DE MATERIA--TÉRMINO DE MATERIA
9 (RLIN) 148404
Término de materia o nombre geográfico como elemento de entrada Plantas empacadoras
650 13 - PUNTO DE ACCESO ADICIONAL DE MATERIA--TÉRMINO DE MATERIA
9 (RLIN) 147758
Término de materia o nombre geográfico como elemento de entrada Envasado de alimentos
650 13 - PUNTO DE ACCESO ADICIONAL DE MATERIA--TÉRMINO DE MATERIA
9 (RLIN) 163123
Término de materia o nombre geográfico como elemento de entrada Manipulación alimentaria
650 13 - PUNTO DE ACCESO ADICIONAL DE MATERIA--TÉRMINO DE MATERIA
9 (RLIN) 156777
Término de materia o nombre geográfico como elemento de entrada Frutas y hortalizas frescas
Subdivisión general Exportación
650 13 - PUNTO DE ACCESO ADICIONAL DE MATERIA--TÉRMINO DE MATERIA
9 (RLIN) 148657
Término de materia o nombre geográfico como elemento de entrada Food industry
Subdivisión geográfica Peru
-- Lima
650 13 - PUNTO DE ACCESO ADICIONAL DE MATERIA--TÉRMINO DE MATERIA
9 (RLIN) 148403
Término de materia o nombre geográfico como elemento de entrada Packing houses
650 13 - PUNTO DE ACCESO ADICIONAL DE MATERIA--TÉRMINO DE MATERIA
9 (RLIN) 147981
Término de materia o nombre geográfico como elemento de entrada Food packaging
650 13 - PUNTO DE ACCESO ADICIONAL DE MATERIA--TÉRMINO DE MATERIA
9 (RLIN) 163120
Término de materia o nombre geográfico como elemento de entrada Food handling
650 13 - PUNTO DE ACCESO ADICIONAL DE MATERIA--TÉRMINO DE MATERIA
9 (RLIN) 185358
Término de materia o nombre geográfico como elemento de entrada Fresh-cut produce
Subdivisión general Exports
700 1# - PUNTO DE ACCESO ADICIONAL--NOMBRE DE PERSONA
9 (RLIN) 161718
Nombre de persona Flores Girón, Emmanuel
Término indicativo de función/relación coordinador
700 1# - PUNTO DE ACCESO ADICIONAL--NOMBRE DE PERSONA
9 (RLIN) 189133
Nombre de persona Badillo Solís, Evelyn
Término indicativo de función/relación colaboradora
856 40 - LOCALIZACIÓN Y ACCESO ELECTRÓNICOS
Identificador Uniforme del Recurso <a href="http://10.13.5.2/ve/TC902_EIUPA/TC902_EIUPA_2022-DIAGRAMA_DE_FLUJO.pdf">http://10.13.5.2/ve/TC902_EIUPA/TC902_EIUPA_2022-DIAGRAMA_DE_FLUJO.pdf</a>
Texto de enlace DESCARGAR DIAGRAMA DE FLUJO
856 40 - LOCALIZACIÓN Y ACCESO ELECTRÓNICOS
Identificador Uniforme del Recurso <a href="http://10.13.5.2/ve/TC902_EIUPA/TC902_EIUPA_2022-DIAGRAMA_DE_RECORRIDO.pdf">http://10.13.5.2/ve/TC902_EIUPA/TC902_EIUPA_2022-DIAGRAMA_DE_RECORRIDO.pdf</a>
Texto de enlace DESCARGAR DIAGRAMA DE RECORRIDO
856 40 - LOCALIZACIÓN Y ACCESO ELECTRÓNICOS
Identificador Uniforme del Recurso <a href="http://10.13.5.2/ve/TC902_EIUPA/TC902_EIUPA_2022-PLANO_DE_DISTRIBUCION_DE_AREAS.pdf">http://10.13.5.2/ve/TC902_EIUPA/TC902_EIUPA_2022-PLANO_DE_DISTRIBUCION_DE_AREAS.pdf</a>
Texto de enlace DESCARGAR PLANO DE DISTRIBUCIÓN DE ÁREAS
856 40 - LOCALIZACIÓN Y ACCESO ELECTRÓNICOS
Identificador Uniforme del Recurso <a href="http://10.13.5.2/ve/TC902_EIUPA/TC902_EIUPA_2022-PLANO_DE_DISTRIBUCION_DE_AREAS_DE_EMPAQUE_DE_ARANDANO.pdf">http://10.13.5.2/ve/TC902_EIUPA/TC902_EIUPA_2022-PLANO_DE_DISTRIBUCION_DE_AREAS_DE_EMPAQUE_DE_ARANDANO.pdf</a>
Texto de enlace DESCARGAR PLANO DE DISTRIBUCIÓN DE ÁREAS EMPAQUE DE ARÁNDANO
856 40 - LOCALIZACIÓN Y ACCESO ELECTRÓNICOS
Identificador Uniforme del Recurso <a href="http://10.13.5.2/ve/TC902_EIUPA/TC902_EIUPA_2022-PLANO_DE_DISTRIBUCION_DE_EQUIPOS.pdf">http://10.13.5.2/ve/TC902_EIUPA/TC902_EIUPA_2022-PLANO_DE_DISTRIBUCION_DE_EQUIPOS.pdf</a>
Texto de enlace DESCARGAR PLANO DE DISTRIBUCIÓN DE EQUIPOS
856 40 - LOCALIZACIÓN Y ACCESO ELECTRÓNICOS
Identificador Uniforme del Recurso <a href="http://10.13.5.2/ve/TC902_EIUPA/TC902_EIUPA_2022-REPORTE.pdf">http://10.13.5.2/ve/TC902_EIUPA/TC902_EIUPA_2022-REPORTE.pdf</a>
Texto de enlace DESCARGAR REPORTE
Holdings
Estado de retiro Estado de pérdida Fuente del sistema de clasificación o colocación Estado dañado No para préstamo Código de colección Localización permanente Ubicación/localización actual Ubicación en estantería Fecha de adquisición Fuente de adquisición Total de préstamos Signatura topográfica completa Código de barras Fecha visto por última vez Precio válido a partir de Tipo de ítem Koha
    Clasificación Universidad Autónoma de Chapingo     Viajes de estudio - En línea Ingenieria Agroindustrial Ingenieria Agroindustrial En línea 27/05/2024 El autor   T.C.902 F56 EIUPA 2022 1206015756 27/05/2024 27/05/2024 Viajes de Estudio - En línea